|
|
|
|
| LEADER |
01859nam a2200445 i 4500 |
| 001 |
EBC1679255 |
| 003 |
MiAaPQ |
| 005 |
20200520144314.0 |
| 006 |
m o d | |
| 007 |
cr cnu|||||||| |
| 008 |
140506t20132013enka o 001 0 eng d |
| 020 |
|
|
|z 9780700714773
|
| 020 |
|
|
|a 9781315028934
|q (electronic bk.)
|
| 035 |
|
|
|a (MiAaPQ)EBC1679255
|
| 035 |
|
|
|a (Au-PeEL)EBL1679255
|
| 035 |
|
|
|a (CaPaEBR)ebr10864539
|
| 035 |
|
|
|a (CaONFJC)MIL601068
|
| 035 |
|
|
|a (OCoLC)879550848
|
| 040 |
|
|
|a MiAaPQ
|b eng
|e rda
|e pn
|c MiAaPQ
|d MiAaPQ
|
| 043 |
|
|
|a ae-----
|
| 050 |
|
4 |
|a HB3816.5
|b .R436 2013
|
| 082 |
0 |
|
|a 330.959
|2 23
|
| 245 |
0 |
0 |
|a Reconfiguring East Asia :
|b regional institutions and organizations after the crisis /
|c edited by Mark Beeson.
|
| 264 |
|
1 |
|a Oxfordshire, England ;
|a New York :
|b Routledge,
|c 2013.
|
| 264 |
|
4 |
|c 2013
|
| 300 |
|
|
|a 1 online resource (285 pages) :
|b illustrations
|
| 336 |
|
|
|a text
|2 rdacontent
|
| 337 |
|
|
|a computer
|2 rdamedia
|
| 338 |
|
|
|a online resource
|2 rdacarrier
|
| 500 |
|
|
|a Includes index.
|
| 588 |
|
|
|a Description based on online resource; title from PDF title page (ebrary, viewed May 5, 2014).
|
| 590 |
|
|
|a Electronic reproduction. Ann Arbor, MI : ProQuest, 2015. Available via World Wide Web. Access may be limited to ProQuest affiliated libraries.
|
| 650 |
|
0 |
|a Financial crises
|z East Asia.
|
| 651 |
|
0 |
|a East Asia
|x Economic conditions.
|
| 651 |
|
0 |
|a East Asia
|x Foreign economic relations.
|
| 655 |
|
4 |
|a Electronic books.
|
| 700 |
1 |
|
|a Beeson, Mark,
|e editor.
|
| 776 |
0 |
8 |
|i Print version:
|t Reconfiguring East Asia : regional institutions and organizations after the crisis.
|d Oxfordshire, England ; New York : Routledge, c2013
|h xiii, 270 pages
|z 9780700714773
|
| 797 |
2 |
|
|a ProQuest (Firm)
|
| 856 |
4 |
0 |
|u https://ebookcentral.proquest.com/lib/matrademy/detail.action?docID=1679255
|z Click to View
|